00535 2200205 4500001002100000005001500021008004100036020002200077035001900099041000700118082001400125090001600139100002100155245005800176250000600234260002700240300003500267500000600302650002100308INLIS00000000000611720241224113229241224||||||||| | ||| |||| || |  a978-979-29-1228-9 0010-1224006117 aid0 a615:08:00 a615.8 NUR s0 aNURHETI YULIARTI00aSehat Cantik Bugar Dengan Herbal Dan Obat Tradisional a1 aYogyakartabandic2009 aviii, 168 hlm ,: ilus ,; 21 cm a1 0aIlmu Pengetahuan